[Event "26th Metz Open"]
[Site "Metz St Symphorien FRA"]
[Date "2008.04.20"]
[Round "2"]
[White "Dal Borgo,A"]
[Black "Sulava,N"]
[Result "0-1"]
[WhiteElo "2164"]
[BlackElo "2479"]

1.d4 g6 2.e4 Bg7 3.Nc3 d6 4.f4 e6 5.Nf3 a6 6.Bd3 b5 7.Be3 Nc6 8.O-O Nge7
9.a4 b4 10.Ne2 O-O 11.c4 bxc3 12.bxc3 a5 13.Qe1 Ba6 14.Bxa6 Rxa6 15.Qh4 Qd7
16.g4 f5 17.gxf5 exf5 18.e5 d5 19.Bc1 Nd8 20.Ba3 Re8 21.Rfb1 Nc8 22.Bc5 Bf8
23.Bxf8 Rxf8 24.Rb5 Nb6 25.Ng5 Qg7 26.Nc1 h6 27.Nf3 Ne6 28.Nd3 g5 29.fxg5 hxg5
30.Qh5 Nc4 31.Kh1 g4 32.Rg1 Ne3 33.Qh4 f4 34.Nf2 g3 35.hxg3 Nf5 36.Qg4 fxg3
37.Qxg7+ Kxg7 38.Nd3 Rc6 39.Rc1 Ne3 40.Nde1 Nxd4  0-1

[Event "Open"]
[Site "Senj CRO"]
[Date "2008.04.21"]
[Round "7"]
[White "Levar,N"]
[Black "Tomljanovic,G"]
[Result "1-0"]
[WhiteElo "2183"]
[BlackElo "2121"]

1.e4 g6 2.d4 Bg7 3.Nc3 d6 4.f4 Nd7 5.Nf3 c6 6.Bc4 e6 7.O-O d5 8.Bd3 Ne7 9.Ne2 Qb6
10.c3 e5 11.fxe5 Nxe5 12.Nxe5 Bxe5 13.a4 a5 14.Bg5 dxe4 15.Bxe4 Nf5 16.Kh1 Bg7
17.Qd2 O-O 18.Bxf5 Bxf5 19.Ng3 Be6 20.Ne4 f5 21.Nc5 Rfe8 22.Rfe1 Bd5 23.Nd7 Qc7
24.Nf6+ Bxf6 25.Bxf6 Qf7 26.Be5 Bb3 27.Qh6 Re7 28.h4 Rae8 29.Re3 Bd5 30.h5 Re6
31.Rg3 Be4 32.Rf1 Qf8 33.Qf4 Qe7 34.Re1 Bc2 35.Ree3 Bd1 36.hxg6 Bg4 37.gxh7+ Qxh7+
38.Rh3 Qg6 39.Reg3 Kf7 40.Rh4 Ke7 41.Kg1 Kd7 42.c4 R8e7 43.Bb8 Re1+ 44.Kh2 Qg7
45.Be5 Qg6 46.Rb3 Kc8 47.Rh8+ Re8 48.Rh6 Qf7 49.Rxc6+ Kd8 50.Bf6+  1-0

[Event "II Open"]
[Site "La Laguna ESP"]
[Date "2008.04.22"]
[Round "2"]
[White "Lopez Pereyra,A"]
[Black "Rivas Pastor,M"]
[Result "0-1"]
[WhiteElo "2096"]
[BlackElo "2498"]

1.e4 g6 2.d4 Bg7 3.Nc3 d6 4.Be3 a6 5.Qd2 Nd7 6.Nf3 b5 7.Bd3 c5 8.dxc5 Nxc5
9.O-O Bb7 10.Rad1 Rc8 11.a3 Qc7 12.Bd4 Nf6 13.e5 dxe5 14.Bxe5 Qc6 15.Rfe1 O-O
16.Bf1 Rfe8 17.Qf4 Nh5 18.Qh4 f6 19.Bd4 e5 20.Be3 Ne6 21.Bd3 f5 22.Bxf5 gxf5
23.Qxh5 f4 24.Ba7 Nd4 25.Ne4 Nxc2 26.Re2 Nd4 27.Bxd4 exd4 28.Rde1 Rf8 29.Neg5 Qg6
30.Qg4 Bxf3 31.gxf3 d3 32.Rd2 Rc2 33.Re6 Qf5 34.Qxf5 Rxf5 35.Re8+ Bf8 36.Ne4 Rxd2
37.Nxd2 Rc5 38.Rd8 Rc2 39.Rxd3 Rxb2 40.Ne4 Be7 41.Rd7 Kf8 42.Ra7 Rb3 43.Ra8+ Kf7
44.Rxa6 Rxa3 45.Ng5+ Ke8 46.Rxa3 Bxa3 47.Kf1 Kd7 48.Ke2 Be7 49.Nh3 Bd6 50.Ng5 Kc6
51.Kd3 Kd5 52.Ne4 Be5 53.h3 Bd4 54.h4 h5 55.Kc2 Kc4 56.Nd6+ Kb4 57.Ne4 Ka3
58.Kd3 Bb6 59.Nc3 b4 60.Nd5 Bxf2 61.Nxf4 b3 62.Ne2 Bxh4 63.f4 Bf6 64.Nc1 b2
65.Kc2 bxc1=Q+ 66.Kxc1  0-1

[Event "IX EICC"]
[Site "Plovdiv BUL"]
[Date "2008.04.22"]
[Round "2"]
[White "Fragakis,E"]
[Black "Grunberg,M"]
[Result "0-1"]
[WhiteElo "2133"]
[BlackElo "2422"]

1.e4 g6 2.d4 Bg7 3.Nc3 d6 4.Be3 a6 5.Qd2 Nd7 6.O-O-O b5 7.a3 Bb7 8.f3 Rc8
9.g4 c5 10.Kb1 h5 11.g5 e6 12.d5 e5 13.Bh3 Rb8 14.Na2 a5 15.Bf1 Ba6 16.a4 Qb6
17.Nc3 bxa4 18.Nxa4 Qb7 19.Bxa6 Qxa6 20.Qd3 Qb7 21.Bd2 Ne7 22.Ne2 O-O 23.c4 Nc8
24.Kc2 f5 25.gxf6 Bxf6 26.Ra1 Ra8 27.Nec3 Ncb6 28.Ra3 Nxa4 29.Nxa4 Nb8 30.Rb3 Qg7
31.Rb5 Na6 32.Kb1 Nb4 33.Bxb4 axb4 34.b3 Bd8  0-1

[Event "IX EICC"]
[Site "Plovdiv BUL"]
[Date "2008.04.22"]
[Round "2"]
[White "Skoberne,J"]
[Black "Kotrotsos,V"]
[Result "1-0"]
[WhiteElo "2492"]
[BlackElo "2323"]

1.e4 g6 2.d4 Bg7 3.Nc3 d6 4.Be3 a6 5.f4 b5 6.Be2 Nd7 7.e5 e6 8.Bf3 d5 9.g4 Ne7
10.Nce2 h5 11.gxh5 gxh5 12.Ng3 h4 13.Nh5 Nf5 14.Bf2 Nf8 15.Bg4 Rg8 16.Nf3 Ng6
17.Rg1 Kf8 18.Qd2 Qe7 19.O-O-O Rb8 20.Rg2 Rb6 21.Rdg1 Rh8 22.Bxf5 exf5 23.Nxg7 Kxg7
24.Rg5 h3 25.Nh4 Kf8 26.Nxf5 Bxf5 27.Rxf5 Nh4 28.Bxh4 Qxh4 29.Rfg5 b4 30.R1g4 Qh6
31.f5 Qc6 32.f6 Qc4 33.b3 Qf1+ 34.Kb2 Qf3 35.Rf4 Qh1 36.Qe2 Rg8 37.Rxg8+ Kxg8
38.Qg4+  1-0

[Event "IX EICC"]
[Site "Plovdiv BUL"]
[Date "2008.04.22"]
[Round "2"]
[White "Filev,G"]
[Black "Tzouganakis,P"]
[Result "1-0"]
[WhiteElo "2392"]
[BlackElo "1900"]

1.e4 g6 2.d4 Bg7 3.Nc3 d6 4.Be3 a6 5.Qd2 b5 6.h4 h5 7.Nh3 Bb7 8.Ng5 Nd7 9.a4 c6
10.Bd3 Ngf6 11.f3 e5 12.dxe5 dxe5 13.O-O O-O 14.Qf2 Qc7 15.Rfd1 b4 16.Nb1 c5
17.Nd2 Rac8 18.a5 Ne8 19.Nc4 Bc6 20.Nb6 Nxb6 21.axb6 Qxb6 22.Bxc5 Qb8 23.Bxa6 Bb7
24.Bc4 Qc7 25.Bxf8 Qxc4 26.Bxg7 Kxg7 27.Rd7 Rc7 28.Rad1 Bc6 29.b3 Qc3 30.Ne6+ Kg8
31.R7d3 Qb2 32.Nxc7 Nxc7 33.Qc5 Bb5 34.Rd8+ Kh7 35.Qf8 Be8 36.R8d7 Bxd7 37.Qxf7+ Kh6
38.Qf8+  1-0

[Event "IX EICC"]
[Site "Plovdiv BUL"]
[Date "2008.04.24"]
[Round "4"]
[White "Bonev,T"]
[Black "Tzouganakis,P"]
[Result "1-0"]
[WhiteElo "2285"]
[BlackElo "1900"]

1.e4 g6 2.d4 Bg7 3.Nc3 d6 4.Be3 a6 5.Qd2 b5 6.Nge2 Bb7 7.a3 Nd7 8.f3 e6 9.g4 Ne7
10.h4 c5 11.h5 cxd4 12.Nxd4 Nb6 13.O-O-O Nc4 14.Bxc4 bxc4 15.hxg6 Nxg6 16.f4 Ne7
17.f5 e5 18.Nde2 Nc8 19.g5 Bc6 20.f6 Bf8 21.Ng3 Qc7 22.Nf5 Rb8 23.Nd5 Qb7
24.Qc3 Bb5 25.Qb4 Bc6 26.Qc3 Bb5 27.a4 Bd7 28.Ng7+ Bxg7 29.fxg7 Rg8 30.Nf6+  1-0

[Event "26th Metz Open"]
[Site "Metz St Symphorien FRA"]
[Date "2008.04.25"]
[Round "7"]
[White "Plachetka,J"]
[Black "Haub,TM"]
[Result "1-0"]
[WhiteElo "2386"]
[BlackElo "2467"]

1.e4 g6 2.d4 Bg7 3.Nc3 d6 4.Be3 a6 5.f4 e6 6.Nf3 Ne7 7.Bd3 Nd7 8.O-O Nf6
9.h3 b5 10.Qe1 Bb7 11.a3 h6 12.Rd1 Qc8 13.b4 Bc6 14.f5 exf5 15.exf5 g5 16.d5 Bd7
17.Bd4 Kf8 18.Bxf6 Bxf6 19.Ne4 Ng8 20.Nxf6 Nxf6 21.Qc3 Qd8 22.Nd4 Kg8 23.Qb3 Kg7
24.c4 bxc4 25.Bxc4 Re8 26.Rde1 Rxe1 27.Rxe1 Qb8 28.Qc3 Qb6 29.Kh2 Re8 30.Rxe8 Bxe8
31.Ne2 Qf2 32.Ng3 Qf4 33.Bxa6 g4 34.h4 Ba4 35.Bc4 Qe5 36.Qxe5 dxe5 37.Nf1 Ne4
38.Ne3 h5 39.Bd3 Nd6 40.Nc4 e4 41.Nxd6 exd3 42.Ne4 Bb3 43.d6 cxd6 44.Kg3 Bd5
45.Nc3 d2 46.b5 Kf8 47.Kf2 Ke8 48.a4 Kd7 49.a5 g3+ 50.Ke3 Bxg2 51.Kxd2 Bf3
52.Ne2 g2 53.Ng1 Bd5 54.Ke3 f6 55.Kf2 Be4 56.Ne2 Bxf5 57.Kxg2 Kc7 58.Nd4 Bd7
59.Kf3 d5 60.Ke3 Kd6 61.b6 Bc8 62.Kf4 Kc5 63.Ne6+ Kb5 64.Nd8 Kxa5 65.b7 Bxb7
66.Nxb7+ Kb4 67.Nd6 Kc3 68.Kf5 d4 69.Ne4+ Kd3 70.Nxf6 Ke3 71.Nd5+ Kf2 72.Nf4 Kf3
73.Kg5 Ke3 74.Nd5+ Ke4 75.Nb4 Ke5 76.Kxh5 Kf5 77.Kh6 Kf6 78.h5 Kf7 79.Kg5 Kg7
80.Nd3 Kh7 81.h6 Kh8 82.Kg6  1-0

[Event "IX EICC"]
[Site "Plovdiv BUL"]
[Date "2008.04.25"]
[Round "5"]
[White "Hadzimanolis,A"]
[Black "Bratanov,Z"]
[Result "1/2-1/2"]
[WhiteElo "2293"]
[BlackElo "2440"]

1.e4 g6 2.d4 Bg7 3.Nc3 d6 4.Be3 a6 5.Qd2 Nd7 6.O-O-O b5 7.f3 Bb7 8.g4 e6
9.Nge2 Nb6 10.Ng3 Nf6 11.Bh6 Bxh6 12.Qxh6 Qe7 13.h4 O-O-O 14.h5 Rhe8 15.Qe3 Nfd7
16.Be2 g5 17.Nb1 c5 18.Nd2 cxd4 19.Qxd4 Na4 20.Nb3 Qf6 21.Qxf6 Nxf6 22.Na5 Ba8
23.Rd4 d5 24.exd5 Nxd5 25.Bd3 h6 26.Be4 Kc7 27.Rhd1 Nc5 28.c4 Nxe4 29.Nxe4 Nf4
30.Rxd8 Rxd8 31.Rxd8 Kxd8 32.Kd2 f5 33.gxf5 Nxh5 34.fxe6 Ke7 35.cxb5 axb5
36.Nb3 Kxe6 37.Nd4+ Ke5 38.Nxb5 Bxe4 39.fxe4 Nf6 40.Nc3 Nxe4+  1/2-1/2

[Event "IX EICC"]
[Site "Plovdiv BUL"]
[Date "2008.04.26"]
[Round "6"]
[White "Dimitrov,Pa"]
[Black "Tahirov,F"]
[Result "1-0"]
[WhiteElo "2414"]
[BlackElo "2533"]

1.e4 d6 2.d4 g6 3.Nc3 Bg7 4.f4 c6 5.Nf3 Bg4 6.Be3 Qb6 7.Qd2 Nd7 8.Be2 Qxb2
9.Rb1 Qa3 10.Rxb7 Nb6 11.O-O Bxf3 12.gxf3 O-O-O 13.Rxb6 axb6 14.Rb1 Qa5 15.Qd3 Kd7
16.Bd2 Rb8 17.a4 e6 18.d5 Qc5+ 19.Kh1 exd5 20.exd5 Ne7 21.dxc6+ Qxc6 22.Ne4 Rhc8
23.Qa3 Qd5 24.Bb5+ Kc7 25.c4 Qe6 26.Re1 Nf5 27.Nc3 Be5 28.fxe5 dxe5 29.Rxe5 Qf6  1-0

[Event "ch-NED U21"]
[Site "Venlo NED"]
[Date "2008.04.26"]
[Round "2"]
[White "Kuipers,S"]
[Black "Haast,M"]
[Result "1-0"]
[WhiteElo "2319"]
[BlackElo "2125"]

1.e4 g6 2.d4 Bg7 3.Nc3 d6 4.f4 a6 5.Nf3 b5 6.Bd3 Nd7 7.e5 c5 8.e6 fxe6 9.Ng5 Nf8
10.dxc5 dxc5 11.Nf7 Qa5 12.Nxh8 Bxh8 13.O-O b4 14.Ne4 Bb7 15.Qe2 Nh6 16.Ng5 Qb6
17.Kh1 Nf5 18.Re1 Nd4 19.Qf2 Nf5 20.a3 a5 21.axb4 axb4 22.Rxa8+ Bxa8 23.Bxf5 exf5
24.Be3 Nd7 25.Nxh7 Bxb2 26.Qh4 Bc3 27.Bd2 Bf6 28.Nxf6+ Qxf6 29.Qxf6 Nxf6
30.Be3 Nd7 31.Kg1 Be4 32.Re2 c4 33.Kf2 Nf6 34.Bd4 Nd5 35.Be5 Kd7 36.g4 b3
37.cxb3 cxb3 38.h4 Bc2 39.h5 gxh5 40.Rd2 Ke6 41.Rxd5 Kxd5 42.gxh5  1-0

[Event "TCh-HUN 2007-8"]
[Site "Budapest HUN"]
[Date "2008.04.27"]
[Round "10"]
[White "Szabo,G ROM"]
[Black "Szabo,Zso3"]
[Result "1/2-1/2"]
[WhiteElo "2518"]
[BlackElo "2342"]

1.e4 d6 2.d4 g6 3.Nc3 Bg7 4.Nf3 c6 5.Be3 b5 6.Qd2 Nd7 7.Bd3 Qc7 8.O-O Ngf6
9.Bh6 O-O 10.Ne2 c5 11.c3 e5 12.Ng3 a6 13.Qg5 Bxh6 14.Qxh6 Re8 15.Nh4 Nf8
16.Nhf5 Bxf5 17.Nxf5 Ne6 18.d5 Ng4 19.Qh4 Nf4 20.Qxg4 Nxd3 21.b3 c4 22.Rad1  1/2-1/2

[Event "ch-UZB"]
[Site "Tashkent UZB"]
[Date "2008.04.27"]
[Round "4"]
[White "Faizulaev,A"]
[Black "Dzhumaev,M"]
[Result "0-1"]
[WhiteElo "2267"]
[BlackElo "2557"]

1.e4 g6 2.Nc3 Bg7 3.d4 d6 4.Be3 c6 5.Qd2 Nd7 6.f4 b5 7.a3 Bb7 8.Nf3 a6 9.Be2 Rc8
10.O-O c5 11.d5 Ngf6 12.e5 Ng4 13.h3 Nxe3 14.Qxe3 Nb6 15.Rad1 O-O 16.e6 f5
17.Ng5 b4 18.Nb1 Nxd5 19.Qg3 Qb6 20.Kh1 Nf6 21.Nd2 d5 22.Qh4 h6 23.Nf7 Qxe6
24.Nxh6+ Bxh6 25.Qxh6 Qf7 26.Rf3 Qg7 27.Qg5 Rc6 28.Rg3 Nh7 29.Qh4 Re6 30.Bd3 Qxb2
31.axb4 Qxb4 32.c3 Qa4 33.Rb1 Bc6 34.Qh6 Be8 35.Nf3 Rff6  0-1

[Event "IX EICC"]
[Site "Plovdiv BUL"]
[Date "2008.04.29"]
[Round "8"]
[White "Chirila,I"]
[Black "Vajda,L"]
[Result "0-1"]
[WhiteElo "2422"]
[BlackElo "2582"]

1.e4 g6 2.d4 Bg7 3.Nc3 d6 4.f4 Nf6 5.Nf3 O-O 6.Be3 b6 7.Qd2 Bb7 8.e5 Ng4
9.h3 Nxe3 10.Qxe3 c5 11.O-O-O cxd4 12.Nxd4 a6 13.Be2 Qc7 14.e6 f5 15.Bf3 Ra7
16.h4 Qc5 17.Bxb7 Rxb7 18.Qf3 Ra7 19.h5 g5 20.Nb3 Qc4 21.fxg5 Qxe6 22.Rhe1 Qf7
23.Nd5 Nc6 24.h6 Be5 25.Nxb6 Nd8 26.Rxe5 dxe5 27.Nd7 Rxd7 28.Rxd7 Qg6 29.Qe3 Nf7
30.Rxe7 f4 31.Qf3 Qxg5 32.Re6 Rd8 33.Nd2 Qh4 34.b3 Ng5 35.Qc6 Nxe6 36.Qxe6+ Kf8
37.Qf5+ Ke8 38.Ne4 Qxh6 39.Qxe5+ Kf7 40.Ng5+ Kg6 41.Ne6 f3+ 42.Nf4+ Kf7 43.Qc7+ Ke8
44.Qe5+ Kf8 45.Qh8+ Kf7 46.Qxd8 Qxf4+ 47.Kd1 f2 48.Qd7+ Kg6 49.Qd3+ Kg5 50.Qd8+ Kh5
51.Qe8+ Kh4  0-1

[Event "IX EICC"]
[Site "Plovdiv BUL"]
[Date "2008.04.29"]
[Round "8"]
[White "Kostopoulos,E"]
[Black "Tzouganakis,P"]
[Result "1-0"]
[WhiteElo "2152"]
[BlackElo "1900"]

1.e4 g6 2.d4 Bg7 3.Nc3 d6 4.f4 a6 5.Nf3 b5 6.Bd3 Bb7 7.O-O Nd7 8.Ne2 c5 9.c3 e6
10.e5 dxe5 11.fxe5 Ne7 12.Ng3 O-O 13.Be4 Nd5 14.Bg5 f6 15.exf6 Bxf6 16.Bh6 Bg7
17.Qd2 c4 18.Bxg7 Kxg7 19.Ng5 Qe7 20.h4 h6 21.Nf3 N7f6 22.Bc2 Ng4 23.Rae1 Rf4
24.h5 g5 25.Nf5+ Rxf5 26.Bxf5 Ndf6 27.Rxe6 Qc7 28.Ne5 Nxe5 29.dxe5 Ng8 30.Bg6 Rf8
31.Rxf8 Kxf8 32.Re8+ Kg7 33.Qf2 Kh8 34.Bf7 Be4 35.Qf6+  1-0

[Event "ch-NED U21"]
[Site "Venlo NED"]
[Date "2008.04.30"]
[Round "6"]
[White "Kampman,T"]
[Black "Haast,M"]
[Result "1-0"]
[WhiteElo "1967"]
[BlackElo "2125"]

1.e4 g6 2.Nc3 Bg7 3.d4 d6 4.Be3 a6 5.a4 b6 6.Nf3 Nd7 7.Bc4 e6 8.Qd2 Bb7 9.Ng5 h6
10.Nh3 Ngf6 11.f3 d5 12.exd5 exd5 13.Bd3 c5 14.O-O h5 15.Rfe1 O-O 16.Bh6 Qc7
17.Bxg7 Kxg7 18.Qg5 Nh7 19.Qh4 c4 20.Bf1 Rfe8 21.Re2 Rxe2 22.Bxe2 Ndf6 23.Re1 Re8
24.Bd1 Qd7 25.Rxe8 Qxe8 26.Kf2 Bc6 27.b3 b5 28.axb5 axb5 29.Qf4 b4 30.Na2 Qe7
31.Be2 cxb3 32.cxb3 Bd7 33.Qe5 Qd8 34.Nxb4 Bxh3 35.gxh3 Nf8 36.Nd3 Qb6 37.Nc5 Qb4
38.Qe3 N8d7 39.Na6 Qd6 40.Kg2 Nb8 41.Qe5 Qxe5 42.dxe5 Nfd7 43.Nxb8 Nxb8 44.Bb5 f6
45.f4 Kf7 46.Kf3 g5 47.h4 gxf4 48.exf6 Kxf6 49.Kxf4 Ke6 50.Kg5 d4 51.Kxh5 Kf5
52.b4  1-0

[Event "26th Liechtenstein Open"]
[Site "Triesen LIE"]
[Date "2008.05.03"]
[Round "9"]
[White "Neubauer,M"]
[Black "Ardeleanu,A"]
[Result "1/2-1/2"]
[WhiteElo "2446"]
[BlackElo "2415"]

1.d4 g6 2.e4 Bg7 3.Nc3 d6 4.f4 Nf6 5.Nf3 O-O 6.Bd3 Na6 7.O-O c5 8.d5 Bg4
9.Bc4 Nc7 10.h3 Bxf3 11.Qxf3 Nd7 12.Qd3 Nb6 13.a4 Nxc4 14.Qxc4 b6 15.Nb5  1/2-1/2

[Event "Kaupthing Open"]
[Site "Differdange LUX"]
[Date "2008.05.11"]
[Round "2"]
[White "Raykhman,A"]
[Black "Zienkiewicz,A"]
[Result "1-0"]
[WhiteElo "2242"]
[BlackElo "2070"]

1.e4 g6 2.d4 Bg7 3.Nc3 d6 4.f4 a6 5.Nf3 b5 6.Bd3 Nd7 7.O-O c5 8.d5 Bb7 9.Kh1 e6
10.dxe6 fxe6 11.Ng5 Qe7 12.f5 exf5 13.exf5 Bxc3 14.bxc3 Ne5 15.Be4 d5 16.Bd3 O-O-O
17.Ne6 c4 18.Bg5 Qd7 19.Nxd8 cxd3 20.Qe1 Nc6 21.fxg6 hxg6 22.Rf8 Nxd8 23.Rxd8+ Qxd8
24.Bxd8 Kxd8 25.Qe5 Rh7 26.Qd6+ Ke8 27.Qb8+  1-0

[Event "Kaupthing Open"]
[Site "Differdange LUX"]
[Date "2008.05.11"]
[Round "2"]
[White "Delorme,Ax"]
[Black "Bakalarz,G"]
[Result "1-0"]
[WhiteElo "2377"]
[BlackElo "2006"]

1.e4 g6 2.d4 Bg7 3.Nc3 d6 4.Be3 a6 5.h4 b5 6.h5 Bb7 7.h6 Bf6 8.Nd5 Bxd5 9.exd5 c5
10.Nf3 Qa5+ 11.c3 b4 12.c4 cxd4 13.Nxd4 b3+ 14.Qd2 Qxd2+ 15.Kxd2 bxa2 16.Rxa2 Bxd4
17.Bxd4 Nf6 18.Bd3 O-O 19.b4 Nbd7 20.Rha1 Ng4 21.Rxa6 Rxa6 22.Rxa6 Nxh6 23.c5 dxc5
24.bxc5 Ng4 25.c6 Ndf6 26.f3  1-0

[Event "Kaupthing Open"]
[Site "Differdange LUX"]
[Date "2008.05.12"]
[Round "4"]
[White "Grover,S"]
[Black "Tudorie,S"]
[Result "1-0"]
[WhiteElo "2300"]
[BlackElo "2119"]

1.e4 g6 2.d4 Bg7 3.Nc3 d6 4.Bg5 h6 5.Bh4 g5 6.Bg3 Be6 7.Qd2 c6 8.O-O-O b5
9.d5 Bd7 10.dxc6 Nxc6 11.Bxb5 Rb8 12.Nge2 Qb6 13.b3 Qc5 14.Bxc6 Bxc6 15.f3 Bb5
16.Nxb5 Rxb5 17.Nd4 Qa3+ 18.Kb1 Rc5 19.c3 Nf6 20.Nf5 Rxf5 21.exf5 O-O 22.Bf2 Rb8
23.Bd4 a5 24.Qb2 Qxb2+ 25.Kxb2 Nd7 26.h4 Ne5 27.hxg5 hxg5 28.Rh5 Bf6 29.Bxe5 dxe5
30.a4 Rc8 31.Rh3 Bg7 32.Rd5 Ra8 33.Rh1 e6 34.fxe6 fxe6 35.Rc5 Kf7 36.Rd1 Kg6
37.Rc6 Kf5 38.Rdd6 Rh8 39.Rxe6 Rh2 40.Re7 Rxg2+ 41.Kc1 Kf4 42.Rxg7 Kxf3 43.Rf6+  1-0

[Event "Mayors Cup Open"]
[Site "Mumbai IND"]
[Date "2008.05.12"]
[Round "3"]
[White "Hardik,Me"]
[Black "Shivananda,B"]
[Result "1-0"]
[WhiteElo "2017"]
[BlackElo "2330"]

1.e4 d6 2.d4 g6 3.Nc3 Bg7 4.f4 a6 5.Nf3 b5 6.Bd3 c5 7.dxc5 dxc5 8.e5 Bb7
9.Be3 Nd7 10.Be4 Qc8 11.O-O Nh6 12.Bxb7 Qxb7 13.Qd5 Qxd5 14.Nxd5 Rc8 15.a4 b4
16.a5 Rc6 17.h3 f6 18.g4 fxe5 19.fxe5 Ng8 20.Bf4 e6 21.Ne3 Ne7 22.Nc4 Nd5
23.Bg3 O-O 24.Ng5 Bh6 25.Rxf8+ Nxf8 26.Ne4 Nd7 27.g5 Bg7 28.Nf6+ Bxf6 29.exf6 Kf7
30.Nd6+ Kf8 31.Re1 Nc7 32.Nc4 Nb5 33.Kf2 Nd4 34.c3 Nf5 35.Rd1 Nxg3 36.Kxg3 Rc7
37.Rd6 h6 38.h4 hxg5 39.hxg5 bxc3 40.bxc3 Nb8 41.Rxe6  1-0

[Event "Kaupthing Open"]
[Site "Differdange LUX"]
[Date "2008.05.14"]
[Round "6"]
[White "Bakalarz,M"]
[Black "Socko,M"]
[Result "1/2-1/2"]
[WhiteElo "2361"]
[BlackElo "2505"]

1.e4 d6 2.d4 g6 3.Nc3 Bg7 4.Be3 a6 5.Qd2 b5 6.Bd3 Nd7 7.Nf3 Bb7 8.h4 Ngf6
9.e5 Ng4 10.e6 fxe6 11.h5 Nf8 12.a4 bxa4 13.Rxa4  1/2-1/2

[Event "Mayors Cup Open"]
[Site "Mumbai IND"]
[Date "2008.05.14"]
[Round "5"]
[White "Ganesh,Ba"]
[Black "Arun,Ka"]
[Result "0-1"]
[WhiteElo "2120"]
[BlackElo "2281"]

1.e4 d6 2.d4 g6 3.Nc3 Bg7 4.f4 a6 5.Be3 b5 6.Bd3 Bb7 7.Nf3 Nd7 8.d5 c6 9.dxc6 Bxc6
10.Bd4 e5 11.fxe5 dxe5 12.Be3 Ngf6 13.a3 O-O 14.h3 Qe7 15.O-O Nc5 16.Bg5 h6
17.Bxf6 Bxf6 18.Qe2 Rad8 19.Rad1 Bg7 20.b4 Ne6 21.Qe3 Rd6 22.Ne2 Rfd8 23.c3 Bxe4
24.Qxe4 Qa7+ 25.Kh1 f5 26.Qh4 Rxd3 27.Rde1 Qc7 28.Rc1 Rc8 29.Rfd1 Rxd1+ 30.Rxd1 Rd8
31.Qe1 Kh7 32.Kg1 e4 33.Nfd4 Qb6 34.Qf2 f4 35.Kh1 g5 36.h4 Rd5 37.h5 Qd6
38.Qg1 f3 39.gxf3 exf3 40.Ng3 Nxd4 41.cxd4 Qf4 42.Qh2 f2 43.Rf1 Bxd4 44.Qh3 Qh4
45.Qxh4 gxh4 46.Ne4 Rxh5 47.Kh2 Re5 48.Nf6+ Kg7 49.Ng4 Re1  0-1

[Event "Mayors Cup Open"]
[Site "Mumbai IND"]
[Date "2008.05.14"]
[Round "5"]
[White "Saurabh,K"]
[Black "Shaikh,N"]
[Result "1/2-1/2"]
[WhiteElo "2259"]
[BlackElo "1858"]

1.d4 d6 2.e4 g6 3.Nc3 Bg7 4.Nf3 Nf6 5.Be3 O-O 6.Qd2 c6 7.Bh6 b5 8.Bxg7 Kxg7
9.Bd3 a5 10.O-O Qb6 11.h3 Ba6 12.e5 dxe5 13.dxe5 Nd5 14.Ne4 Nd7 15.e6 fxe6
16.Neg5 c5 17.Rfe1 Rf6 18.Be4 Bb7 19.Rad1 Nf8 20.b3 b4 21.Bxd5 Bxd5 22.c4 bxc3
23.Qxc3 Qb4 24.Qa1 Kg8 25.Qe5 Rf5 26.Qc7 h6 27.Rxd5 Rxd5 28.Nxe6 Nxe6 29.Rxe6 Rd1+
30.Kh2 Qb8 31.Rxg6+ Kh7 32.Rc6 Rd5 33.g4  1/2-1/2

[Event "Mayors Cup Open"]
[Site "Mumbai IND"]
[Date "2008.05.15"]
[Round "7"]
[White "Sai,KG"]
[Black "Roktim,B"]
[Result "0-1"]
[WhiteElo "2146"]
[BlackElo "2396"]

1.e4 g6 2.d4 Bg7 3.Nc3 d6 4.Nf3 Nf6 5.Bg5 c6 6.Bd3 Bg4 7.h3 Bxf3 8.Qxf3 Nbd7
9.O-O-O Qa5 10.Bh4 O-O 11.Bc4 b5 12.Bb3 Qc7 13.d5 b4 14.Na4 c5 15.Qe2 Rfc8
16.Bc4 Qa5 17.Bb5 Nb6 18.Bxf6 Bxf6 19.b3 a6 20.Bc6 Rxc6 21.dxc6 Nxa4 22.bxa4 Qxa4
23.Qc4 Qxc6 24.f4 Rc8 25.Rhf1 Qb5 26.Qd5 Bc3 27.Rd3 c4 28.Qxb5 axb5 29.Rdf3 f5
30.exf5 gxf5 31.g4 Kf7 32.Rg3 Ra8 33.Kb1 d5 34.gxf5 Bf6 35.Rd1 d4 36.Re1 Rd8
37.Rd1 Rd5 38.a3 bxa3 39.Rxa3 Rxf5 40.Ra5 Rh5 41.Rh1 d3 42.cxd3 Bc3 43.Ra7 cxd3
44.Rd7 d2 45.Kc2 b4 46.Rh2 Ra5 47.Kb3 Ra1 48.Rhxd2 Bxd2 49.Rxd2 Rf1 50.Rd4 Rf3+
51.Kxb4 Rxh3 52.Kc4 Kf6 53.Re4 Ra3 54.Kb4 Rd3 55.Kc4 Ra3 56.Kb4 Rf3 57.Kc4 h5
58.Kd5 Rd3+ 59.Kc4 Rd8 60.Re5 Rh8 61.Kd5 h4 62.Ke4 h3 63.Rf5+ Ke6 64.Re5+ Kf7
65.Rf5+ Ke8 66.Ra5 Rh6 67.Ra1 h2 68.Rh1 Kf7 69.Kf5 Rh8 70.Ke5 Rh5+ 71.Ke4 Kf6
72.Kf3 Kf5 73.Kg3 Rh7 74.Kf3 Rh3+ 75.Kg2 Kg4 76.f5 Rg3+ 77.Kf2 Kh3 78.Re1 Rg2+  0-1

[Event "Mayors Cup Open"]
[Site "Mumbai IND"]
[Date "2008.05.15"]
[Round "7"]
[White "Prasanna,Ra"]
[Black "Shivananda,B"]
[Result "1/2-1/2"]
[WhiteElo "2230"]
[BlackElo "2330"]

1.e4 g6 2.d4 Bg7 3.Nc3 d6 4.Be3 a6 5.h3 Nd7 6.Nge2 b5 7.g4 Bb7 8.Bg2 c5 9.a3 e6
10.Qd2 h5 11.g5 Ne7 12.Rd1 Qc7 13.O-O Rd8 14.f4 O-O 15.Ng3 cxd4 16.Bxd4 e5
17.fxe5 Nxe5 18.Nd5 Bxd5 19.exd5 Rc8 20.c3 f5 21.gxf6 Bxf6 22.Ne4 Bg7 23.Qg5 Qd7
24.Bxe5 Bxe5 25.Nf6+ Rxf6 26.Rxf6 Bxf6 27.Qxf6 Rf8 28.Qe6+ Qxe6 29.dxe6 Rd8
30.Bb7 Rb8  1/2-1/2

[Event "III President's Cup"]
[Site "Baku AZE"]
[Date "2008.05.16"]
[Round "5"]
[White "Najer,E"]
[Black "Dzhumaev,M"]
[Result "1-0"]
[WhiteElo "2627"]
[BlackElo "2557"]

1.e4 g6 2.d4 Bg7 3.Nc3 d6 4.f4 Nf6 5.Nf3 O-O 6.Be3 Na6 7.e5 Ng4 8.Bg1 c5
9.dxc5 dxe5 10.h3 Nh6 11.Qxd8 Rxd8 12.Bxa6 bxa6 13.Nxe5 Nf5 14.g4 Nh4 15.Ke2 Bxe5
16.fxe5 Bb7 17.Bf2 Nf3 18.Rhd1 Nxe5 19.Rxd8+ Rxd8 20.Bg3 Nf3 21.Rd1 Rxd1
22.Nxd1 Ng1+ 23.Ke3 Nxh3 24.b4 Ng5 25.c4 Ne4 26.Bb8 f5 27.gxf5 gxf5 28.Bxa7 Bc6
29.Bb8 Kf7 30.Kd4 Ke6 31.Nb2 Be8 32.a4 Nd2 33.Bf4 Nf3+ 34.Ke3 Ne1 35.Ke2 Nc2
36.b5 axb5 37.axb5 Nd4+ 38.Kd3 Nb3 39.Na4 Kf6 40.c6 e5 41.c7 Bd7 42.Nb6 Nc5+
43.Ke2 Be6 44.Be3 Nb7 45.c8=Q Bxc8 46.Nxc8 f4 47.Bb6  1-0

[Event "TCh-ISR"]
[Site "Israel ISR"]
[Date "2008.05.16"]
[Round "8"]
[White "Lederer,Y"]
[Black "Chernomordik,P"]
[Result "0-1"]
[WhiteElo "2326"]
[BlackElo "2279"]

1.e4 g6 2.d4 Bg7 3.Nc3 d6 4.Be3 a6 5.Nf3 b5 6.Bd3 Nd7 7.a4 b4 8.Ne2 c5 9.c3 bxc3
10.bxc3 Qc7 11.O-O Ngf6 12.h3 O-O 13.a5 e6 14.Nd2 Bb7 15.f3 Bc6 16.Qe1 Bb5
17.Nc1 Rab8 18.Qe2 cxd4 19.cxd4 Qc3 20.Ra2 Nh5 21.Nb1 Qb4 22.Bxb5 Rxb5 23.Nd3 Ng3
24.Qf2 Qc4 25.Qxg3 Qxa2 26.Qxd6 Qe2  0-1

[Event "TCh-ISR"]
[Site "Israel ISR"]
[Date "2008.05.16"]
[Round "8"]
[White "Vydeslaver,Ali"]
[Black "Gofshtein,L"]
[Result "0-1"]
[WhiteElo "2397"]
[BlackElo "2512"]

1.e4 g6 2.d4 Bg7 3.Nc3 d6 4.f4 c6 5.Nf3 Bg4 6.Be3 Qb6 7.Qd2 Bxf3 8.gxf3 Nd7
9.O-O-O Qa5 10.Kb1 b5 11.Ne2 Qxd2 12.Rxd2 Nb6 13.Rd1 e6 14.d5 exd5 15.Bxb6 axb6
16.exd5 c5 17.Ng3 c4 18.Ne4 Kd7 19.Ng5 Ke7 20.Re1+ Kf8 21.Ne4 Rd8 22.a4 bxa4
23.Bxc4 Ne7 24.Re3 Bh6 25.Ra3 Bxf4 26.Rxa4 Kg7 27.Nf2 Ra8 28.Rxa8 Rxa8 29.Nd3 Be3
30.Bb5 Nf5 31.Re1 Ra7 32.c3 Kf6 33.Nb4 Bf4 34.Nd3 Be3 35.Nb4 h5 36.Bd3 Bf4
37.Nc6 Rc7 38.Bxf5 Kxf5 39.h3 Kg5 40.Re4 f5 41.Re6 Rg7 42.Ne7 Bg3 43.Kc2 Kh4
44.Nxg6+ Kxh3 45.Rf6 h4 46.Kd3 Kg2 47.Nxh4+ Bxh4 48.Rxf5 Ra7 49.Rf8 Ra5 50.Ke4 Ra2
51.Rg8+ Bg3 52.b4 Re2+ 53.Kd3 Rf2 54.Kc4 Rxf3 55.Kb5 Rxc3 56.Kxb6 Kf3 57.b5 Ke4
58.Kb7 Kxd5 59.b6 Ke4 60.Ka6 d5 61.b7 Ra3+ 62.Kb5 Rb3+ 63.Kc6 Be5 64.Rg1 d4
65.Re1+ Re3 66.Rb1 d3 67.Rb4+ Kf3 68.Rd4 Ke2 69.Rd5 Bg3 70.Rg5 d2 71.Rxg3 Rxg3
72.b8=Q Rc3+  0-1

[Event "Mayors Cup Open"]
[Site "Mumbai IND"]
[Date "2008.05.16"]
[Round "8"]
[White "Divyasri,C"]
[Black "Nitin,S"]
[Result "0-1"]
[WhiteElo "2110"]
[BlackElo "2296"]

1.e4 g6 2.d4 Bg7 3.Nc3 d6 4.Nf3 Nd7 5.Be2 c5 6.O-O cxd4 7.Nxd4 Ngf6 8.Be3 O-O
9.Qd2 Nc5 10.f3 Re8 11.Bc4 a6 12.a4 b6 13.Nd5 Bb7 14.Bg5 Nfxe4 15.fxe4 Nxe4
16.Qd3 Nxg5 17.h4 e6 18.Nc3 d5 19.Bb3 Ne4 20.g3 Qd6 21.Nce2 Nxg3  0-1

[Event "Kaupthing Open"]
[Site "Differdange LUX"]
[Date "2008.05.17"]
[Round "9"]
[White "Wagner,Stev"]
[Black "Bakalarz,G"]
[Result "0-1"]
[WhiteElo "2134"]
[BlackElo "2006"]

1.e4 g6 2.d4 Bg7 3.Nc3 d6 4.Be3 a6 5.Qd2 Nd7 6.O-O-O b5 7.f3 Bb7 8.g4 e6
9.h4 h6 10.Nge2 Nb6 11.Ng3 b4 12.Nb1 a5 13.f4 Nf6 14.d5 exd5 15.g5 hxg5 16.hxg5 Rxh1
17.Bb5+ c6 18.Rxh1 Nxe4 19.Nxe4 dxe4 20.Bd4 cxb5 21.Bxg7 Kd7 22.Bf6 Qc7 23.Qe2 Qc4
24.Qg4+ Qe6 25.Qe2 Qc4 26.Qg4+ Kc7 27.b3 Qd5 28.Kb2 a4 29.c3 axb3 30.axb3 Bc8
31.Qe2 Be6 32.Qc2 Qc6 33.Rc1 Kb7 34.Qe2 Qd5 35.Nd2 bxc3+ 36.Rxc3 b4 37.Rc1 Qa5
38.Kc2 Rc8+ 39.Kd1 Rxc1+ 40.Kxc1 Qc5+ 41.Kb2 d5 42.Nf1 Nd7 43.Bg7 Qa5 44.Qc2 Nc5
45.Kb1 Qb5 46.Ne3 Qd3 47.Bf8 Qxb3+ 48.Qxb3 Nxb3 49.Bxb4 Kc6 50.Kb2 d4 51.Ng2 Kb5
52.Be1 Kc4 53.Kc2 e3 54.Bg3 Bf5+ 55.Kd1 Bh3 56.Ne1 d3 57.Nxd3 Kxd3 58.Ke1 Nd4  0-1